Plantas aromáticas y medicinales : Umbelíferas: coriandro, anís, comino, hinojo, eneldo y alcaravea (cultivo, economía y mercado) /

Guardado en:
Autor Principal: Curioni, Ana.
Otros Autores: Arizio, Osvaldo., García, María., Aso, Víctor.
Formato: Libro
Idioma:Spanish
Publicado: Buenos Aires : Hemisferio Sur, 1997.
Etiquetas: Agregar Etiqueta
Sin Etiquetas, Sea el primero en etiquetar este registro!
LEADER 00708nam a22001935a 4500
001 EEA.libagro007992
005 20161116124727.0
008 130809s1997####ag#a##########000#0#spa#d
020 |a 9505045484 
082 0 4 |a 633.8 
082 0 4 |a 583.48 
100 1 |a Curioni, Ana. 
245 1 0 |a Plantas aromáticas y medicinales :  |b Umbelíferas: coriandro, anís, comino, hinojo, eneldo y alcaravea (cultivo, economía y mercado) /  |c Ana Curioni, Osvaldo Arizio, María García, Víctor Aso. 
260 |a Buenos Aires :  |b Hemisferio Sur,  |c 1997. 
300 |a 148 p. :  |b il. ;  |c 26 cm. 
700 1 |a Arizio, Osvaldo. 
700 1 |a García, María. 
700 1 |a Aso, Víctor. 
859 |a AR-BbBCA  |b BIB. AGRONOMIA  |h 633.8  |i C975  |p 2008/5381